First step in egyptian. A book for beginners.

Saved in:
Bibliografiske detaljer
Hovedforfatter: Wallis Budge, Ernest Alfred
Format: Bog
Sprog:engelsk
Udgivet: London, England, United Kingdom Kegan Paul, Trench, Trübner & Co. Ltd 1895
Fag:
Tags: Tilføj Tag
Ingen Tags, Vær først til at tagge denne postø!

MARC

LEADER 00000nam a2200000 a 4500
001 UCJ6576
003 CL-VaPUC
005 20221022074034.0
008 070124e18950000UK |||||||||||||||||eng|d
999 |c 322678  |d 322676 
040 |c Pontificia Universidad Católica de Valparaíso 
082 0 4 |a 932 BUD 1895  |2 21 
100 |a Wallis Budge, Ernest Alfred  |9 516815 
245 1 0 |a First step in egyptian. A book for beginners. 
246 |b By Ernest Alfred Wallis Budge, Litt.D. Keeper of the Egyptian and Assyrian Antiquities, British Museum 
260 0 3 |a London, England, United Kingdom  |b Kegan Paul, Trench, Trübner & Co. Ltd  |c 1895 
300 |a 321 páginas 
583 |a last modification  |c 20070124 00:00:00  |k Rodrigo Vera 
650 7 |a EGIPTOLOGIA  |2 CL-VaPUC  |9 265780 
650 7 |a JEROGLIFICOS  |2 CL-VaPUC  |9 265779 
650 0 |a Escritura  |9 264941 
650 7 |a DICCIONARIO  |2 CL-VaPUC  |9 513453 
650 0 |a Paleografía   |9 264942 
651 0 |a Egipto   |9 268199 
942 |c BK  |2 ddc 
945 |d 20070124 00:00:00  |a rinostro 
952 |0 0  |1 0  |2 ddc  |4 0  |6 932_000000000000000_BUD_1895  |7 0  |8 X  |9 401729  |a FDOBUD  |b FDOBUD  |d 2019-11-22  |i 1049828  |o 932 BUD 1895  |p 1049828  |r 2019-11-22  |t 1  |w 2019-11-22  |y BK_X  |k BUD